UK by-elections (2019-2024) - Statistics

General Stats
  • This quiz has been taken 30 times
  • The average score is 11 of 23
Answer Stats
Date Winner Answer % Correct
6 May 2021 Conservative gain from Labour Hartlepool
79%
17 June 2021 Lib Dem gain from Conservative Chesham and Amersham
71%
23 June 2022 Lib Dem gain from Conservative Tiverton and Honiton
71%
2 May 2024 Labour gain from Conservative Blackpool South
67%
16 December 2021 Lib Dem gain from Conservative North Shropshire
67%
29 February 2024 Workers gain from Labour Rochdale
67%
20 July 2023 Conservative hold Uxbridge and South Ruislip
67%
19 October 2023 Labour gain from Conservative Mid Bedfordshire
63%
5 October 2023 Labour gain from SNP Rutherglen and Hamilton West
63%
20 July 2023 Lib Dem gain from Conservative Somerton and Frome
63%
1 July 2021 Labour hold Batley and Spen
50%
20 July 2023 Labour gain from Conservative Selby and Ainsty
46%
19 October 2023 Labour gain from Conservative Tamworth
46%
15 February 2024 Labour gain from Conservative Wellingborough
46%
2 December 2021 Conservative hold Old Bexley and Sidcup
42%
23 June 2022 Labour gain from Conservative Wakefield
42%
3 March 2022 Labour hold Birmingham Erdington
38%
13 May 2021 SNP hold Airdrie and Shotts
33%
15 February 2024 Labour gain from Conservative Kingswood
33%
3 February 2022 Conservative hold Southend West
33%
1 December 2022 Labour hold City of Chester
29%
9 February 2023 Labour hold West Lancashire
25%
15 December 2022 Labour hold Stretford and Urmston
8%
No matching quizzes found
Score Distribution
Percent of People with Each Score
Percentile by Number Answered
Your Score History
You have not taken this quiz